Tabla de Contenidos: volumen 29, número 1-2, 2003
Abordando temas como la Reforma Agraria, la sostenida escasez de mano de obra durante las cosechas de café, la provisión estatal de crédito, las organizaciones de obreros y campesinos cafetaleros y la colectivización que caracterizaron al modelo económico sandinista, este artículo procura mostrar co...
Guardado en:
| 格式: | Texto |
|---|---|
| 語言: | Spanish |
| 標簽: |
添加標簽
沒有標簽, 成為第一個標記此記錄!
|
MARC
| LEADER | 00000 a a2200000 04500 | ||
|---|---|---|---|
| 003 | cru CRAI/IIS | ||
| 005 | 20210616151511.0 | ||
| 008 | 210616b |||||||| |||| 00| 0 spa d | ||
| 040 | |c cru CRAI/IIS | ||
| 245 | |a Tabla de Contenidos: |b volumen 29, número 1-2, 2003 | ||
| 505 | |a Contenido: 1.De la representatividad política a la participación ciudadana: el camino hacia la consolidación democrática en Centroamérica / Jean Paul Vargas. -- 2.La década de los años 80: Revolución en Nicaragua, revolución en la caficultura nicaragüense / José Luis Rocha. -- 3.Exclusión social, desarticulación cultural y teatro en El Salvador 1875-1944 / Chester Urbina Gaitán. -- 4.Política en la Talamanca indígena: El estado nacional y los caciques. Costa Rica, 1840-1922 / Alejandra Boza Villareal. -- 5.La política económica liberal y su rol en el consumo de bienes "monopolizados". El caso del monopolio del tabaco en Costa Rica (1880-1907) / Anthony Goebel M. | ||
| 520 | |a Abordando temas como la Reforma Agraria, la sostenida escasez de mano de obra durante las cosechas de café, la provisión estatal de crédito, las organizaciones de obreros y campesinos cafetaleros y la colectivización que caracterizaron al modelo económico sandinista, este artículo procura mostrar como afectó la revolución sandinista a la producción cafetalera nicaragüense, identificando qué no cambió, qué cambió y en qué dirección lo hizo. Un a mirada final a las contradicciones del modelo sandinista es particularmente iluminadora para analizar el impacto de éste sobre el sector cafetalero | ||
| 773 | 0 | |0 18765 |9 5205 |a Universidad de Costa Rica. |d San José, Costa Rica: Editorial Universidad de Costa Rica, 1974- |o 02204 |t Anuario de Estudios Centroamericanos / |x 03777316 | |
| 942 | |2 ddc |c PP | ||
| 999 | |c 43709 |d 43709 | ||
